000 00676nam a2200193 4500
999 _c182205
_d182205
005 20211109164700.0
010 _aB-741836
020 _a9789381431481
_c199.00
035 _aB-741836
037 _bHey House Publishers /Gift
082 _a813.54
100 _aChopra,Deepak
245 _aThe daughters of joy /
_cby Deepak Chopra
260 _aNew Delhi
_bHey House Publishers
_c2012
270 _aMuskan Complex,Plot No.3,B-2 Vasant Kunj,
_bNew Delhi
_e110070
300 _a237p.
_c20cm(pbk)
942 _2ddc
_cEN
_mCHO
_h813.54